Financovanie malých a stredných podnikov diplomová práca

Saved in:
Bibliographic Details
Main Author: Lakosová, Melinda
Corporate Author: Fakulta podnikového manažmentu EU. Katedra podnikovohospodárska
Other Authors: Kováčová, Eva
Format: Book
Language:Slovak
Published: Bratislava 2008
Tags: Add Tag
No Tags, Be the first to tag this record!

MARC

LEADER 00000nam$a2200000$$$4500
001 0086252
005 20240201115122.2
041 0 |a slo 
044 |a SK 
245 1 0 |a Financovanie malých a stredných podnikov  |b diplomová práca  |c Melinda Lakosová ; škol. Eva Kováčová 
264 1 |a Bratislava  |c 2008 
300 |a 68 s. 
100 1 |a Lakosová, Melinda 
700 1 |a Kováčová, Eva 
710 2 |a Fakulta podnikového manažmentu EU. Katedra podnikovohospodárska